Normal view
MARC view
- Singh, V. P
Entry Personal Name
001 - CONTROL NUMBER
- control field: 3036
003 - CONTROL NUMBER IDENTIFIER
- control field: OSt
005 - DATE AND TIME OF LATEST TRANSACTION
- control field: 20180317112307.0
008 - FIXED-LENGTH DATA ELEMENTS
- fixed length control field: 180317|| aca||aabn | a|a d
040 ## - CATALOGING SOURCE
- Original cataloging agency: OSt
- Transcribing agency: OSt
100 ## - HEADING--PERSONAL NAME
- Personal name: Singh, V. P
670 ## - SOURCE DATA FOUND
- Source citation: Work cat.: (OSt): Jain, S. K 3035, Water resources systems planning and management, 2006
